Lui Aragông Louis Aragon

Guardado en:
Detalles Bibliográficos
Autor principal: Phùng, Văn Tửu
Formato: Libro
Lenguaje:Undetermined
Publicado: Hà Nội Giáo Dục 1997
Materias:
Etiquetas: Agregar Etiqueta
Sin Etiquetas, Sea el primero en etiquetar este registro!
Thư viện lưu trữ: Trung tâm Học liệu Trường Đại học Cần Thơ
LEADER 00566nam a2200217Ia 4500
001 CTU_29600
008 210402s9999 xx 000 0 und d
020 |b 27.000đ 
082 |a 809 
082 |b T656 
100 |a Phùng, Văn Tửu 
245 0 |a Lui Aragông 
245 0 |b Louis Aragon 
245 0 |c Phùng Văn Tửu 
260 |a Hà Nội 
260 |b Giáo Dục 
260 |c 1997 
650 |a French literature 
650 |x History and criticism 
904 |i Minh, 990413 
980 |a Trung tâm Học liệu Trường Đại học Cần Thơ